000 00519nam a2200193Ia 4500
005 20260429112116.0
008 260429s9999||||xx |||||||||||||| ||und||
020 _a9781032766058
041 _aEnglish
082 _a547
_bTUC
100 _aTucker, William B.
245 0 _aOrganic chemistry :
_bstructure, function, and practice /
_cWilliam B. Tucker
250 _a1st ed.
260 _aBoca Raton :
_bCRC Press,
_c2024.
300 _ax, 325 p.; pbk
650 _a Organic
650 _aChemistry
942 _cTB
999 _c52393
_d52393